Marea
Збережено в:
| Автор: | |
|---|---|
| Формат: | Книга |
| Мова: | Іспанська |
| Опубліковано: |
Santiago
LOM
2002
|
| Редагування: | 1a. ed |
| Серія: | Colección Libros del Ciudadano
|
| Предмети: | |
| Теги: |
Додати тег
Немає тегів, Будьте першим, хто поставить тег для цього запису!
|
MARC
| LEADER | 00000cam a2200000 a 4500 | ||
|---|---|---|---|
| 001 | UCG8222 | ||
| 003 | CL-VaPUC | ||
| 008 | 111202e20020000CL |||||||||||||||||spa|d | ||
| 020 | |a 956282537X | ||
| 082 | 0 | 4 | |a Ch863 |b GAR |2 21 |
| 100 | |a García-Huidobro, Beatriz |e author |9 568918 | ||
| 245 | 1 | 0 | |a Marea |
| 250 | |a 1a. ed | ||
| 300 | |a 45 p | ||
| 942 | |c BK | ||
| 945 | |d 20111202 00:00:00 |a cmena | ||
| 260 | |a Santiago |b LOM |c 2002 | ||
| 500 | |a Es la historia de una niña que, desde su propia inocencia va abriéndose al mundo. Para esto,debe salir del espacio cerrado de una casa donde solo habitan mujeres. Allí vive sometida a la autoridad de la abuela, a la disciplina del tejido y a las rutinas escolares y domésticas | ||
| 650 | 0 | |a Novelas chilenas |9 265425 | |
| 650 | 0 | |a Literatura chilena |9 308278 | |
| 583 | |a last modification |c 20111202 14:14:00 |k Rodrigo Vera | ||
| 490 | 0 | |a Colección Libros del Ciudadano | |
| 999 | |c 345842 |d 345840 | ||
| 952 | |0 0 |1 0 |4 0 |6 CH_863_000000000000000_GAR_2002 |7 0 |8 A |9 446126 |a FDOPOS |b FDOPOS |d 2019-11-22 |i 4807863 |o Ch863 GAR 2002 |p 4807863 |r 2025-01-22 |w 2019-11-22 |y BK |k DLH | ||